000
00322nam a22001337a 4500
008
170731b xxu||||| |||| 00| 0 eng d
020
_a
0442276435
041
_a
eng
080
_a
004
100
_a
32
101
_a
SHK
245
_a
MINI-AND MICROCOMPUTER CONTROL IN INDUSTRIAL PROCESSES
_c
SKROKOV,M.R
942
_2
udc
_c
BK
999
_c
22304
_d
22304